Penjala dengan ular tedung (Record no. 55523)

MARC details
000 -LEADER
fixed length control field 00727nam a2200265 i 4500
001 - CONTROL NUMBER
control field C2-0240331
003 - CONTROL NUMBER IDENTIFIER
control field PPAK
005 - DATE AND TIME OF LATEST TRANSACTION
control field 20180727203011.0
008 - FIXED-LENGTH DATA ELEMENTS--GENERAL INFORMATION
fixed length control field 020724s2002 my a|||| ||||| | may d
020 ## - INTERNATIONAL STANDARD BOOK NUMBER
International Standard Book Number 9830752380
040 ## - CATALOGING SOURCE
Original cataloging agency PPAK
Language of cataloging eng
Transcribing agency PPAK
Description conventions rda
082 04 - DEWEY DECIMAL CLASSIFICATION NUMBER
Classification number 398.22
Edition number 23
090 00 - LOCALLY ASSIGNED LC-TYPE CALL NUMBER (OCLC); LOCAL CALL NUMBER (RLIN)
Classification number (OCLC) (R) ; Classification number, CALL (RLIN) (NR) 398.22
Feature heading PEN
Feature heading K
245 00 - TITLE STATEMENT
Title Penjala dengan ular tedung
264 #1 - PRODUCTION, PUBLICATION, DISTRIBUTION, MANUFACTURE, AND COPYRIGHT NOTICE
Place of production, publication, distribution, manufacture Rawang, Selangor :
Name of producer, publisher, distributor, manufacturer Mikamas ,
Date of production, publication, distribution, manufacture, or copyright notice 2002
300 ## - PHYSICAL DESCRIPTION
Extent 84 pages :
Other physical details illustrations ;
Dimensions 21 cm
336 ## - CONTENT TYPE
Source rdacontent
Content type term text
337 ## - MEDIA TYPE
Source rdamedia
Media type term unmediated
338 ## - CARRIER TYPE
Source rdacarrier
Carrier type term volume
490 1# - SERIES STATEMENT
Series statement Siri Bayan Budiman
650 10 - SUBJECT ADDED ENTRY--TOPICAL TERM
Topical term or geographic name entry element Folk literature, Malay
700 0# - ADDED ENTRY--PERSONAL NAME
Personal name Yulis Hj. Alwi,
Relator term compile
830 #0 - SERIES ADDED ENTRY--UNIFORM TITLE
Uniform title Siri Bayan Budiman
942 ## - ADDED ENTRY ELEMENTS (KOHA)
-- dc
Koha item type Book
Holdings
Withdrawn Not for loan Current library Shelving location Date acquired Full call number Barcode Date last seen Koha item type Total Checkouts
    Perpustakaan Alor Setar Pinjaman Kanak-kanak 24/07/2002 K 398.22 PEN A01004461 08/05/2018 Book  
    Perpustakaan Awam Sungai Petani Pinjaman Kanak-kanak 24/07/2002 K 398.22 PEN A01004462 08/05/2018 Book  
    Perpustakaan Bandar Baharu Pinjaman Kanak-kanak 24/07/2002 K 398.22 PEN A01004467 08/05/2018 Book  
    Perpustakaan Jitra Pinjaman Kanak-kanak 24/07/2002 K 398.22 PEN A01004463 08/05/2018 Book  
    Perpustakaan Kulim Pinjaman Kanak-kanak 24/07/2002 K 398.22 PEN A01004465 08/05/2018 Book  
    Perpustakaan Kulim Pinjaman Kanak-kanak 22/12/2002 K 398.22 PEN A01018568 08/05/2018 Book  
    Perpustakaan Langkawi Pinjaman Kanak-kanak 24/07/2002 K 398.22 PEN A01004464 08/05/2018 Book  
    Perpustakaan Sik Pinjaman Kanak-kanak 24/07/2002 K 398.22 PEN A01004468 08/05/2018 Book  
    Perpustakaan Sik Pinjaman Kanak-kanak 24/07/2002 K 398.22 PEN A01004484 08/05/2018 Book  
    Perpustakaan Yan Pinjaman Kanak-kanak 24/07/2002 K 398.22 PEN A01004466 08/05/2018 Book  
    Bergerak 1, Alor Setar Pinjaman Kanak-kanak 24/07/2002 K 398.22 PEN A01004469 08/05/2018 Book  
    Bergerak 3, Baling Pinjaman Kanak-kanak 24/07/2002 K 398.22 PEN A01004471 08/05/2018 Book  
    Bergerak 4, Sungai Petani Pinjaman Kanak-kanak 24/07/2002 K 398.22 PEN A01004472 08/05/2018 Book  
    Bergerak 5, Kulim Pinjaman Kanak-kanak 24/07/2002 K 398.22 PEN A01004473 08/05/2018 Book  
    PD20, Felda Lubuk Merbau, Pendang Pinjaman Kanak-kanak 24/07/2002 K 398.22 PEN A01004474 08/05/2018 Book  
    PD21, Kg. Tengah, Jerlun Pinjaman Kanak-kanak 24/07/2002 K 398.22 PEN A01004475 08/05/2018 Book  
    PD23, Taman Mas Merah, Titi Gajah, Alor Setar Pinjaman Kanak-kanak 24/07/2002 K 398.22 PEN A01004477 08/05/2018 Book  
    PD24, Felda Bukit Tangga, Bukit Kayu Hitam Pinjaman Kanak-kanak 24/07/2002 K 398.22 PEN A01004478 08/05/2018 Book  
    PD24, Felda Bukit Tangga, Bukit Kayu Hitam Pinjaman Kanak-kanak 24/07/2002 K 398.22 PEN A01004483 08/05/2018 Book  
    PD25, KEDA Batu 13, Pokok Sena Pinjaman Kanak-kanak 24/07/2002 K 398.22 PEN A01004479 08/05/2018 Book  
    PD27, Kg. Bendang Bukit, Pendang Pinjaman Kanak-kanak 24/07/2002 K 398.22 PEN A01004481 08/05/2018 Book  
    PD28, Kg. Paya Kerchut, Pendang Pinjaman Kanak-kanak 24/07/2002 K 398.22 PEN A01004482 08/05/2018 Book